Central Library OPAC University of Rajshahi

Teach yourself chemistry : (Record no. 9760)

MARC details
000 -LEADER
fixed length control field 00896cam a22002777 4500
001 - CONTROL NUMBER
control field 9760
003 - CONTROL NUMBER IDENTIFIER
rucl marc code BD-RjUL
005 - DATE AND TIME OF LATEST TRANSACTION
control field 20211208234831.0
008 - FIXED-LENGTH DATA ELEMENTS--GENERAL INFORMATION
fixed length control field 140121t1955 e a 001 0 eng
035 ## - SYSTEM CONTROL NUMBER
System control number (BD-RjUL)9805
040 ## - CATALOGING SOURCE
Original cataloging agency DLC
Transcribing agency DLC
Language of cataloging eng
Modifying agency BD-RjUL
041 ## - LANGUAGE CODE
Language code of text/sound track or separate title eng
082 04 - DEWEY DECIMAL CLASSIFICATION NUMBER
Edition number 16
Classification number 540
Author mark and year MAT 1955
100 1# - MAIN ENTRY--PERSONAL NAME
Personal name MacAlpine, George Bruce. [from old catalog]
9 (RLIN) 30167
245 10 - TITLE STATEMENT
Title Teach yourself chemistry :
Remainder of title a practical book of self-instruction in chemistry, based on the work by James Knight /
250 ## - EDITION STATEMENT
Edition statement [3d ed.] completely rev. and enl. /
260 ## - PUBLICATION, DISTRIBUTION, ETC. (IMPRINT)
Place of publication, distribution, etc. London :
Name of publisher, distributor, etc. English University press,
Date of publication, distribution, etc. 1955
300 ## - PHYSICAL DESCRIPTION
Pagination 240 p. :
Illustrations illus. ;
Size 18 cm.
490 0# - SERIES STATEMENT
Series statement The teach yourself books
504 ## - BIBLIOGRAPHY, ETC. NOTE
Bibliography, etc Includes index.
650 #0 - SUBJECT ADDED ENTRY--TOPICAL TERM
Topical term or geographic name as entry element Chemistry.
9 (RLIN) 30168
700 1# - ADDED ENTRY--PERSONAL NAME
Personal name Knight, James.
942 ## - ADDED ENTRY ELEMENTS (KOHA)
Source of classification or shelving scheme Dewey Decimal Classification
Koha item type Books
Holdings
Lost status Source of classification or shelving scheme Damaged status Not for loan Collection code Permanent Location Current Location Shelving location Date acquired Source of acquisition Cost, normal purchase price Total Checkouts Full call number Date last seen Copy number Koha item type
  Dewey Decimal Classification   Not For Loan Non-fiction Central Library, University of Rajshahi Central Library, University of Rajshahi Reading Room 30/07/1957 N/A 4.14   540 MAT 1955 21/01/2014 C-1 Books